|
|
|
|
| LEADER |
00000nam a2200000 a 4500 |
| 001 |
UCQ1728 |
| 003 |
CL-VaPUC |
| 008 |
980721e19690000FR |||||||||||||||||fre|d |
| 082 |
0 |
4 |
|a 659.1
|b HAA
|2 21
|
| 100 |
0 |
|
|a Haas, C. R
|e author
|9 415473
|
| 245 |
1 |
0 |
|a Pratique de la publicité
|
| 250 |
|
|
|a 5a. ed
|
| 300 |
|
|
|a 578 p
|
| 942 |
|
|
|c BK
|
| 945 |
|
|
|d 19980721 00:00:00
|a cmena
|
| 260 |
|
|
|a París
|b Dunod
|c 1969
|
| 650 |
|
0 |
|a Publicidad
|9 314572
|
| 650 |
|
0 |
|a Marketing
|9 259324
|
| 650 |
|
0 |
|a Técnicas de venta
|9 338625
|
| 650 |
|
7 |
|a PERSUASION
|2 CL-VaPUC
|9 333321
|
| 650 |
|
0 |
|a Motivación
|9 315362
|
| 650 |
|
0 |
|a Creatividad
|9 310816
|
| 650 |
|
0 |
|a Consumidores
|9 315658
|
| 650 |
|
7 |
|a COMUNICACION DE MASAS
|2 CL-VaPUC
|9 334823
|
| 583 |
|
|
|a last modification
|c 19980721 00:00:00
|k Rodrigo Vera
|
| 999 |
|
|
|c 272572
|d 272570
|
| 952 |
|
|
|0 0
|1 0
|4 0
|6 659_100000000000000_HAA_1969
|7 0
|8 A
|9 307682
|a BIBGIM
|b BIBGIM
|d 2019-11-20
|i 1437437
|o 659.1 HAA 1969
|p 1437437
|r 2025-01-15
|w 2019-11-20
|y BK
|k COM
|